00487nam a2200205Ia 4500003000900000005001700009008004100026040001300067040001300080041000800093100001900101100000900120245005800129250001500187260000900202300001100211300001200222490000600234600004100240IT-RoPAU20220918175742.0120407s9999 xx 000 0 und d aIT-RoPAU cIT-RoPAU afra aLèon Bouvier cs.j. aLe précepte de l’aumone chez S. Thomas d’Aquin aMontréal c1935 a199 p. c23,5 cm v1 a"1. Elemosina 2. Thomas Aquinas, s."